000 006270000a22001810004500
003 MACL
005 20160331131538.0
008 160331b xxu||||| |||| 00| 0 eng d
040 _aMACL
_cMACL
041 _aHindi
082 _a100
100 _aवंधेपाध्‍याय शंकरीप्रसाद
_949244
245 _aयूराेप में दर्शनशास्‍त्र
_bमार्क्‍स के बाद
260 _bराजकमल प्रकाशन
_c1992
_aनई दिल्‍ली
350 _a90
650 _aPhilisophy
_949245
942 _cHIN
_k100
_2ddc
999 _c20846
_d20846